000 00695nam a2200193 4500
008 050505s1991 coua b 001 0 eng
020 _a1565072685 :USD34.99
090 _aBT1102
_bN68u
100 1 _aNoebel, David A.
245 1 0 _aUnderstanding the times :
_bthe religious worldviews of our day and the search for truth /
_cDavid A. Noebel.
260 _aOregon :
_bHarvest House,
_c1991.
300 _a896 p. :
_bill. ;
_c24 cm.
504 _aIncludes bibliographical references and index.
650 4 _aApologetics.
650 4 _aNew Age movement.
650 4 _aPhilosophy, Marxist.
650 4 _aSecular humanism.
951 _p16930
_x00006162
_oBT1102/N68u
_j070613111451296
_d2000-12-21
_cGC
999 _c23129
_d23129